Water bacteriology: with special reference to sanitary water analysis
保存先:
| 主要な著者: | , , |
|---|---|
| フォーマット: | 図書 |
| 言語: | 英語 |
| 出版事項: |
Nueva York
John Wiley
1946
|
| 版: | 6a. ed |
| 主題: | |
| タグ: |
タグ追加
タグなし, このレコードへの初めてのタグを付けませんか!
|
MARC
| LEADER | 00000nam a2200000 a 4500 | ||
|---|---|---|---|
| 001 | UCX9223 | ||
| 003 | CL-VaPUC | ||
| 008 | 940523e19460000US |||||||||||||||||eng|d | ||
| 082 | 0 | 4 | |a 628.161 |b PRE |2 21 |
| 100 | 0 | |a Prescott, Samuel Cate |e author |9 326589 | |
| 700 | 0 | |a Winslow, Charles-Edward A |e author |9 326590 | |
| 700 | 0 | |a McCrady, McHarvey |e author |9 326591 | |
| 245 | 1 | 0 | |a Water bacteriology: with special reference to sanitary water analysis |
| 250 | |a 6a. ed | ||
| 300 | |a 368 p | ||
| 942 | |c BK | ||
| 945 | |d 19940523 00:00:00 |a mfernand | ||
| 260 | |a Nueva York |b John Wiley |c 1946 | ||
| 650 | 7 | |a BACTERIOLOGIA DEL AGUA |2 CL-VaPUC |9 326592 | |
| 650 | 0 | |a Agua |9 257149 | |
| 650 | 0 | |a Química del agua |9 261152 | |
| 583 | |a last modification |c 20180514 10:57:12 |k Rodrigo Vera | ||
| 999 | |c 228529 |d 228527 | ||
| 952 | |0 0 |1 0 |4 0 |6 628_161000000000000_PRE_1946 |7 0 |8 A |9 228708 |a BIBALI |b BIBALI |c GEN |d 2019-11-15 |i 2977923 |o 628.161 PRE 1946 |p 2977923 |r 2025-01-20 |w 2019-11-15 |y BK |k ALI | ||
| 952 | |0 0 |1 0 |4 0 |6 628_161000000000000_PRE_1946 |7 0 |8 CCM |9 228709 |a BIBCUR |b BIBCUR |d 2019-11-15 |i 304310K |o 628.161 PRE 1946 |p 304310K |r 2025-04-22 |w 2019-11-15 |y BK |k CIM | ||